000 00449nam a22001817a 4500
003 MPLRDC
005 20220104143028.0
008 210129b ||||| |||| 00| 0 eng d
020 _a983-2985-40-4
082 _a947.413 ZJH
100 _a张家辉、卢永健
245 _a秀逗高校
_c
250 _a初版
260 _a马来西亚
_bGALA UNGGUL RESOURCES SDN BHD
_c2004
300 _b118
650 _a漫画
942 _cBK
_o947.413 ZJH
999 _c35926
_d35916